00996nam a2200229 a 450000100100000000500170001000800410002702000180006804000250008608200250011110000480013624501300018426000980031430000210041250400320043359000270046565000350049265100570052791000410058495201240062599900170074900003917820240521193439.0130606s2010 dr 000 0 spa d a9789945003352 aDO-SdBNPbspacBNPHU a342.7293bJ82d, 20101 aRamírez Morillo, Belarminio,d1964-9252010aDerecho constitucional dominicano :bestado social de derecho y procedimiento constitucional /cBelarminio Ramírez Morillo. aSanto Domingo :bFundación de Estudios Sociopolíticos, Jurídicos y Económicos,c2010. a803 p. ;c23 cm. aBibliografía : p. 771-794 aInventariado, 2018/MFF 0aDerecho constitucional 910314 4aRepública DominicanaxDerecho Constitucional99303 aValidado. Control de calidad MMOLINA 0010718PDaPDbPDcHDd2013-06-06iLF1 | 2010l0o342.7293 J82dp39178-10r2020-06-25w2020-06-25yLFPDZNo se presta c38668d38668